|
|
|
|
| LEADER |
01453nam a2200349 a 4500 |
| 001 |
EBC3320014 |
| 003 |
MiAaPQ |
| 005 |
20200520144314.0 |
| 006 |
m o d | |
| 007 |
cr cn||||||||| |
| 008 |
130802s2012 gw a sbm 000 0 ger d |
| 020 |
|
|
|z 9783862192663
|
| 020 |
|
|
|z 9783862192670 (e-book)
|
| 035 |
|
|
|a (MiAaPQ)EBC3320014
|
| 035 |
|
|
|a (Au-PeEL)EBL3320014
|
| 035 |
|
|
|a (CaPaEBR)ebr10739832
|
| 035 |
|
|
|a (OCoLC)929118039
|
| 040 |
|
|
|a MiAaPQ
|c MiAaPQ
|d MiAaPQ
|
| 050 |
|
4 |
|a TL272.57
|b .T45 2012
|
| 100 |
1 |
|
|a Tellmann, Dirk.
|
| 245 |
1 |
0 |
|a Hardware-in-the-Loop-gestutzte Entwicklungsplattform fur Fahrerassistenzsysteme
|h [electronic resource] :
|b Modelle der Umfeldsensorik und angepasste Fahrermodelle /
|c Dirk Tellmann.
|
| 260 |
|
|
|a Kassel [Germany] :
|b Kassel University Press,
|c 2012.
|
| 300 |
|
|
|a x, 99 p. :
|b ill. (some col.)
|
| 502 |
|
|
|a Dissertation--Universitat Kassel, 2011.
|
| 504 |
|
|
|a Includes bibliographical references.
|
| 533 |
|
|
|a Electronic reproduction. Ann Arbor, MI : ProQuest, 2015. Available via World Wide Web. Access may be limited to ProQuest affiliated libraries.
|
| 650 |
|
0 |
|a Driver assistance systems
|x Design and construction.
|
| 650 |
|
0 |
|a Automobile driving.
|
| 650 |
|
0 |
|a Automobile industry and trade
|x Technological innovations.
|
| 655 |
|
4 |
|a Electronic books.
|
| 710 |
2 |
|
|a ProQuest (Firm)
|
| 856 |
4 |
0 |
|u https://ebookcentral.proquest.com/lib/matrademy/detail.action?docID=3320014
|z Click to View
|